Piliere systému sociálneho poistenia v Maďarsku – poistenie v nezamestnanosti

Práva a povinnosti nezamestnaných občanov a výdavky na programy verejnoprospešného zamestnávania a pomoc občanom v nezamestnanosti v Maďarsku. Sociálna pomoc a sociálne poistenie v Maďarskej republike.

Salvato in:
Dettagli Bibliografici
Autore principale: Pongráczová, Eva, 1971-
Natura: Capitolo di libro
Lingua:slovacco
Soggetti:
Tags: Aggiungi Tag
Nessun Tag, puoi essere il primo ad aggiungerne!!

MARC

LEADER 00000nla a2200000 4500
001 0192088
005 20240502073225.1
041 0 |a slo 
044 |a SK 
245 1 0 |a Piliere systému sociálneho poistenia v Maďarsku – poistenie v nezamestnanosti  |c Eva Pongráczová 
520 |a Práva a povinnosti nezamestnaných občanov a výdavky na programy verejnoprospešného zamestnávania a pomoc občanom v nezamestnanosti v Maďarsku. Sociálna pomoc a sociálne poistenie v Maďarskej republike. 
610 2 0 |a Maďarsko 
610 2 0 |a systémy sociálne 
610 2 0 |a poistenie sociálne 
610 2 0 |a poistenie v nezamestnanosti 
610 2 0 |a služby zamestnanosti 
610 2 0 |a dávky v nezamestnanosti 
100 1 |a Pongráczová, Eva, 1971-